Comentarios a la Ley de Navegacin̤ Mart̕ima

Bibliographic Details
Corporate Author: Dykinson
Format: Book
Language:Spanish
Published: Madrid Dykinson 2016
Subjects:
Online Access:Acceso restringido

MARC

LEADER 00000nam a22000007a 4500
005 20160520135318.0
007 cr|||| ||u|
008 160520s2016 sp ||||| |||| 00||0 spa d
020 |a 978-84-9085-420-4 
035 |a 14262 
040 |a vLex 
090 |c 6120  |d 6120 
245 1 0 |a Comentarios a la Ley de Navegacin̤ Mart̕ima  |h [Recurso electrn̤ico] /  |c Dykinson 
256 |a Servicio en ln̕ea 
260 |a Madrid  |b Dykinson  |c 2016 
300 |a 1 recurso electrn̤ico  
506 1 |a Contenido solo disponible en los productos indicados  |d vLex Global  |d vLex Global (Academic Edition, excluding Law Schools)  |d vLex Global (U.S. Academic Edition, Law Schools)  |d vLex Global (U.S. Academic Edition, excluding Law Schools)  |d vLex Global (Academic Edition, Law Schools) 
650 0 4 |a Derecho  |z Madrid 
710 |a Dykinson 
740 0 |a vLex libros (servicio en ln̕ea)  
856 4 0 |u http://vlex.com/source/comentarios-ley-navegacion-maritima-14262  |z Acceso restringido 
942 |c BOOK